Responses for Show #4630 - Friday, October 22, 2004

2004-B Kids Week game 5.

Contestants

[<< previous game]

Patrick Zakem, an 11-year-old sixth grader from Louisville, Kentucky

Theodora Messalas, an 11-year-old sixth grader from Brooklyn, New York

Ross Gardiner, an 11-year-old sixth grader from La Plata, Maryland

[next game >>]

Jeopardy! Round responses

STATE CAPITALS
RATED PG
MOVIE MUNCHABLES
BUNNIES IN BOOKS
CRAYOLA COLORS
WHEEL OF JEOPARDY!
    $200 1
(Patrick: What is Lincoln?)

Carson City

RossPatrick
    $200 4
Freaky Friday

Theodora
    $200 14
a pretzel

Theodora
    $200 11
the Moon

Ross
    $200 23
green

Theodora
    $200 12
(Theodora: What is iPod and...)

iPod and iTunes

Theodora
Triple Stumper
    $400 2
Denver

Ross
    $400 7
Agent Cody Banks

Patrick
    $400 15
Reese's Pieces

Patrick
    $400 19
his ears

Theodora
    $400 24
Flamingo

Ross
    $400 13
American Dreams

Patrick
    $600 3
Sacramento

Patrick
    $600 8
Elf

Ross
    $600 16
Hot Tamales

Ross
    $600 25
(Theodora: What is chestnut?)
...
(Alex: It's a joy because its an [*]--[*] Joy.)

Almond

Theodora
Triple Stumper
    $600 20
a Cinderella story

Patrick
    $1,000 5
(Theodora: What is... I don't know.)
(Alex: Christopher [*], so we're talking about [*].)

Columbus (Ohio)

Theodora
    $800 9
Scooby-Doo

Ross
    $800 17
Gobstoppers

Patrick
    $800 26
[The end-of-round signal sounds.]

Tango

Theodora
    $800 21
Yu-Gi-Oh

Triple Stumper
    $1000 6
(Alex: Stuyvesant--sort of associated with New York; hence [*], the capital.)

Albany (New York)

Triple Stumper
    $1000 10
Shrek 2

Theodora
    $1000 18
(Patrick: What are Milk Duds?)
(Theodora: What are Raisinets?)

Whoppers

RossTheodoraPatrick
    $1000 22
peer pressure

Ross

Scores at the first commercial break (after clue 13):

Ross Theodora Patrick
$2,200 $0 $1,200

Scores at the end of the Jeopardy! Round:

Ross Theodora Patrick
$5,200 $0 $2,000

Double Jeopardy! Round responses

GENERAL SCIENCE
SINGERS
HOW DO YOU...
AMERICAN HEROES
THE HISTORY OF DISNEYLAND
THE WORLD OF WORDS
    $400 16
Celsius and Fahrenheit

Patrick
    $400 5
Hilary Duff

Ross
    $400 19
make a scarecrow

Patrick
    $400 9
Robert E. Lee

Ross
    $400 4
Tom Sawyer

Patrick
    $400 1
merry

Theodora
    $800 17
(Theodora: What is negative?)
(Patrick: What is positive?)
...
(Alex: Both of you on the wrong track. It gives it off in the form of [*]. Phosphor, phosphorescence.)

light

TheodoraPatrick
Triple Stumper
    $800 6
JC Chasez

Triple Stumper
    $800 20
(Patrick: What is decompose?)

become a fossil

Patrick
Triple Stumper
    $800 10
(Patrick: Who is Abigail Adams?)

Dolley Madison

Patrick
Triple Stumper
    $800 14
(Alex: Now do you know that the opening of Disneyland occurred in 1955? Which means that next year, Disneyland will be celebrating its...)
(All: 50th.)
(Alex: 50th anniversary. Good for you.)

Ronald Reagan

Ross
    $800 2
blimp

Triple Stumper
    $1200 18
(Ross: What is nitrogen?)
(Theodora: What is hydrogen?)

carbon dioxide

RossTheodora
Triple Stumper
    $1200 7
Ashanti

Triple Stumper
    $1200 21
wear in (or break in) a (baseball) glove (or mitt)

Patrick
    $1200 11
Albert Einstein

Ross
    $1200 15
Snow White

Theodora
    $1200 3
golden

Ross
    $1600 8
(Alex: On the other hand, maybe you can't.)

Nas

Triple Stumper
    $1600 22
(Theodora: What is fold a napkin?)

fold an American flag

Theodora
Triple Stumper
    $1600 12
(Ross: Who is John Adams?)

John Hancock

Ross
Triple Stumper
    $1600 25
[The end-of-round signal sounds.]

Sleeping Beauty

Triple Stumper
    $2000 24
Lil' Bow Wow

Triple Stumper
    $2000 23
the Heimlich maneuver

Ross
    $2000 13
Amelia Earhart

Triple Stumper

Scores at the end of the Double Jeopardy! Round:

Ross Theodora Patrick
$8,400 -$2,000 $2,000
(lock game)

[wagering suggestions for these scores]

Final Jeopardy! Round responses

THE OLYMPICS
PatrickWhat is table tennis?
$1,500
RossWhat is table tennis?
$3,600
table tennis (or ping pong)

Final scores:

Ross Theodora Patrick
$12,000 -$2,000 $3,500
Winner: $12,000 + an AOL for Broadband computer package 3rd place: $1,000 + an AOL for Broadband computer package 2nd place: $2,000 + an AOL for Broadband computer package

Game dynamics:

Coryat scores:

Ross Theodora Patrick
$8,400 -$1,000 $2,000
15 R,
2 W
8 R,
7 W
(including 1 DD)
10 R,
5 W

Combined Coryat: $9,400

[game clues] [game scores] [suggest correction]

Game tape date: 2004-08-24
The J! Archive is created by fans, for fans. Scraping, republication, monetization, and malicious use prohibited; this site may use cookies and collect identifying information. See terms. The Jeopardy! game show and all elements thereof, including but not limited to copyright and trademark thereto, are the property of Jeopardy Productions, Inc. and are protected under law. This website is not affiliated with, sponsored by, or operated by Jeopardy Productions, Inc. Join the discussion at JBoard.tv.